| 000 | 01141nam a2200277 a 4500 | ||
|---|---|---|---|
| 001 | 000019582 | ||
| 005 | 20250501120733.0 | ||
| 008 | 100630s1974 mx a 000 0 spa d | ||
| 040 |
_aDO-SdBNP _bspa _cBNPHU |
||
| 041 | 1 | 7 |
_aspa _heng _2Código de idioma MARC |
| 082 |
_a304.6 _bP739m |
||
| 111 | 2 |
_aConferencia sobre Problemas Demográficos Mundiales _d(1967 : _cUniversidad de Indiana) _942002 |
|
| 240 | 1 | 0 |
_aWorld population : the view ahead. _lEspañol. |
| 245 | 1 | 0 |
_aPoblación mundial : _bperspectivas para el futuro / _cedición preparada por Ríchard N. Farmer, John D. Long y George J. Stolnitz. |
| 260 |
_aMéxico : _bDiana, _c1974. |
||
| 300 |
_a323, [3] p. : _bil. ; _c23 cm. |
||
| 504 | _aIncluye referencias bibliográficas y notas al pie de las páginas. | ||
| 534 |
_pTítulo original en inglés: _tWorld population : the view ahead. _c1974 |
||
| 650 | 0 |
_aDemografía _945443 |
|
| 650 | 4 |
_aEstudios demográficos _941998 |
|
| 650 | 4 |
_aIndicadores demográficos _941997 |
|
| 700 | 1 |
_aFarmer, Ríchard N., _eed. _942003 |
|
| 700 | 1 |
_aLong, John D., _eed. _942004 |
|
| 700 | 1 |
_aStolnitz, George J., _eed. _942005 |
|
| 049 | _aBNGR | ||
| 999 |
_c19098 _d19098 |
||